<?xml version="1.0" encoding="UTF-8"?>
<record
    xmlns:xsi="http://www.w3.org/2001/XMLSchema-instance"
    xsi:schemaLocation="http://www.loc.gov/MARC21/slim http://www.loc.gov/standards/marcxml/schema/MARC21slim.xsd"
    xmlns="http://www.loc.gov/MARC21/slim">

  <leader>02949nam a2200373 a 4500</leader>
  <controlfield tag="001">ebr10657822</controlfield>
  <controlfield tag="003">CaPaEBR</controlfield>
  <controlfield tag="006">m     o  u        </controlfield>
  <controlfield tag="007">cr cn|||||||||</controlfield>
  <controlfield tag="008">120803s2013    enkabd  sb    001 0 eng d</controlfield>
  <datafield tag="010" ind1=" " ind2=" ">
    <subfield code="z">  2012029598</subfield>
  </datafield>
  <datafield tag="020" ind1=" " ind2=" ">
    <subfield code="z">9781119952749 (cloth)</subfield>
  </datafield>
  <datafield tag="020" ind1=" " ind2=" ">
    <subfield code="z">9781119952732 (pbk.)</subfield>
  </datafield>
  <datafield tag="020" ind1=" " ind2=" ">
    <subfield code="z">9781118411063 (e-book)</subfield>
  </datafield>
  <datafield tag="040" ind1=" " ind2=" ">
    <subfield code="a">CaPaEBR</subfield>
    <subfield code="c">CaPaEBR</subfield>
  </datafield>
  <datafield tag="035" ind1=" " ind2=" ">
    <subfield code="a">(OCoLC)847636970</subfield>
  </datafield>
  <datafield tag="050" ind1="1" ind2="4">
    <subfield code="a">HV5053</subfield>
    <subfield code="b">.A463 2013eb</subfield>
  </datafield>
  <datafield tag="082" ind1="0" ind2="4">
    <subfield code="a">364.2/4</subfield>
    <subfield code="2">23</subfield>
  </datafield>
  <datafield tag="245" ind1="0" ind2="0">
    <subfield code="a">Alcohol-related violence</subfield>
    <subfield code="h">[electronic resource] :</subfield>
    <subfield code="b">prevention and treatment /</subfield>
    <subfield code="c">edited by Mary McMurran.</subfield>
  </datafield>
  <datafield tag="260" ind1=" " ind2=" ">
    <subfield code="a">Chichester, West Sussex, U.K. :</subfield>
    <subfield code="b">John Wiley &amp; Sons Inc.,</subfield>
    <subfield code="c">2013.</subfield>
  </datafield>
  <datafield tag="300" ind1=" " ind2=" ">
    <subfield code="a">xvii, 349 p. :</subfield>
    <subfield code="b">ill., map.</subfield>
  </datafield>
  <datafield tag="490" ind1="0" ind2=" ">
    <subfield code="a">Wiley series in forensic clinical psychology</subfield>
  </datafield>
  <datafield tag="504" ind1=" " ind2=" ">
    <subfield code="a">Includes bibliographical references and index.</subfield>
  </datafield>
  <datafield tag="505" ind1="0" ind2=" ">
    <subfield code="a">About the editor -- About the contributors -- Foreword / Kathryn Gaham -- Series editors' preface -- A. The extent of the problem -- The problem of alcohol-related violence : an epidemiological and public health perspective / Ingeborg Rossow and Elin K. Bye -- Alcohol and violence : an international perspective / Fernanda Cestaro Prado Cortez &amp; Danilo A. Baltieri -- B. Understanding the problem -- Alcohol and aggression : theories and mechanisms / Peter R. Giancola -- Alcohol and violence in evolutionary perspective / Russil Durrant -- Alcohol and violence in developmental perspective / Rick Howard &amp; Mary McMurran -- Prevention -- Alcohol-related violence as alcohol-related crime : policing, policy and the law / Gavin Dingwall -- Barroom approaches to prevention / Alasdair J.M. Forsyth -- Treatment -- Interventions with children and families / Donald Forrester &amp; Georgia Glynn -- Treatments for offenders of intimate partner violence / Caroline J. Easton -- Alcohol arrest-referral / Katie McCracken &amp; Franco Sassi -- Treatments for offenders in prison and the community / Mary McMurran -- Treatment for alcohol-related sexual violence / Ruth E. Mann &amp; Mark Farmer -- Treatments for offenders with dual diagnosis / Amy Cohn &amp; Kim T. Mueser -- Alcohol use and offending in people with intellectual disability / William R. Lindsay, Samantha Tinsley, &amp; Medhat Emara -- Treatments for alcohol-related impaired driving / Thomas G. Brown &amp; Marie Claude Ouimet -- E. Conclusion -- Alcohol-related violence : an end-note / Mary McMurran -- Index.</subfield>
  </datafield>
  <datafield tag="533" ind1=" " ind2=" ">
    <subfield code="a">Electronic reproduction.</subfield>
    <subfield code="b">Palo Alto, Calif. :</subfield>
    <subfield code="c">ebrary,</subfield>
    <subfield code="d">2015.</subfield>
    <subfield code="n">Available via World Wide Web.</subfield>
    <subfield code="n">Access may be limited to ebrary affiliated libraries.</subfield>
  </datafield>
  <datafield tag="650" ind1=" " ind2="0">
    <subfield code="a">Alcoholism and crime.</subfield>
  </datafield>
  <datafield tag="650" ind1=" " ind2="0">
    <subfield code="a">Violence.</subfield>
  </datafield>
  <datafield tag="650" ind1=" " ind2="0">
    <subfield code="a">Crime.</subfield>
  </datafield>
  <datafield tag="650" ind1=" " ind2="0">
    <subfield code="a">Alcoholism</subfield>
    <subfield code="x">Prevention.</subfield>
  </datafield>
  <datafield tag="655" ind1=" " ind2="7">
    <subfield code="a">Electronic books.</subfield>
    <subfield code="2">local</subfield>
  </datafield>
  <datafield tag="700" ind1="1" ind2=" ">
    <subfield code="a">McMurran, Mary.</subfield>
  </datafield>
  <datafield tag="710" ind1="2" ind2=" ">
    <subfield code="a">ebrary, Inc.</subfield>
  </datafield>
  <datafield tag="856" ind1="4" ind2="0">
    <subfield code="u">http://site.ebrary.com/lib/rucke/Doc?id=10657822</subfield>
    <subfield code="z">An electronic book accessible through the World Wide Web; click to view</subfield>
  </datafield>
  <datafield tag="999" ind1=" " ind2=" ">
    <subfield code="c">64896</subfield>
    <subfield code="d">64896</subfield>
  </datafield>
</record>
